00427 2200169 4500001002100000008004100021035002000062245003400082100002200116260002800138300002400166020002200190084001400212082000800226650000800234990001500242INLIS000000000003302 ind  a0010-1225000123 aSains pediacPatricia Daniels aDaniels, Patricia aJakartabGramediac2024 a304 hlmc21 x 26 cm a978-602-424-372-2 a500 PAT s a500 aIPA a19778/B/26